Music Artists by Song - F - Statistics

General Stats
  • This quiz has been taken 108 times
    86 since last reset
  • The average score is 8 of 14
Answer Stats
Songs Artist % Correct
My Way / Somethin' Stupid / Fly Me To The Moon Frank Sinatra
86%
In Da Club / Candy Shop / 21 Questions Fifty Cent
85%
Big Girls Don't Cry / Glamorous / Fergalicious Fergie
71%
Everlong / The Pretender / Learn to Fly Foo Fighters
69%
Dreams / The Chain / Silver Springs Fleetwood Mac
68%
Killing Me Softly With His Song / Ready or Not / Fu-Gee-La Fugees
66%
Low / Right Round / Good Feeling Flo Rida
63%
Dog Days Are Over / You've Got The Love / Say My Name Florence + The Machine
55%
Take Me Out / This fffire / No You Girls Franz Ferdinand
54%
Can't Take My Eyes off You / Grease / Sherry Frankie Valli
49%
Pink + White / White Ferrari / Thinkin Bout You Frank Ocean
46%
Mask Off / Like That / Too Many Nights Future
34%
Twin Size Mattress / Be Nice To Me / Lone Star The Front Bottoms
9%
I Only Have Eyes for You / Mio Amore (My Love) / I'm in the Mood for Love The Flamingos
6%
No matching quizzes found
Score Distribution
Percent of People with Each Score
Percentile by Number Answered
Your Score History
You have not taken this quiz since the last reset